000 00608cam a22002173a 4500
001 45722
003 PGUSA
005 20140828084047.0
008 140522s2014||||xxu|||||s|||||000 | eng d
040 _aPGUSA
_beng
042 _adc
050 4 _aAP
245 1 0 _aL'Illustration, No. 2509, 28 Mars 1891
_h[electronic resource] /
_cVarious
260 _bProject Gutenberg,
_c2014
506 _aPublic domain in the USA.
516 _aElectronic text
653 _aIllustrated periodicals -- France
830 0 _aProject Gutenberg
_v45722
856 4 0 _uhttp://www.gutenberg.org/ebooks/45722
942 _cEB
999 _c274972
_d274972